Crafting a compiler with C / (Record no. 17996)
[ view plain ]
| 000 -LEADER | |
|---|---|
| fixed length control field | 01061cam a2200313 a 4500 |
| 001 - CONTROL NUMBER | |
| control field | 1525073 |
| 005 - DATE AND TIME OF LATEST TRANSACTION | |
| control field | 20140130111933.0 |
| 008 - FIXED-LENGTH DATA ELEMENTS--GENERAL INFORMATION | |
| fixed length control field | 901105t1991 xxuak frb z001 0 eng d |
| 010 ## - LIBRARY OF CONGRESS CONTROL NUMBER | |
| LC control number | 90023614 |
| 020 ## - INTERNATIONAL STANDARD BOOK NUMBER | |
| International Standard Book Number | 0805321667 |
| 020 ## - INTERNATIONAL STANDARD BOOK NUMBER | |
| International Standard Book Number | 0805321691 |
| 020 ## - INTERNATIONAL STANDARD BOOK NUMBER | |
| International Standard Book Number | 9780805321661 |
| 040 ## - CATALOGING SOURCE | |
| Original cataloging agency | DLC |
| Transcribing agency | DLC |
| Modifying agency | DLC |
| 082 04 - DEWEY DECIMAL CLASSIFICATION NUMBER | |
| Classification number | 005.453 |
| Edition number | 22 |
| Item number | FIS |
| 100 1# - MAIN ENTRY--PERSONAL NAME | |
| Personal name | Fischer, Charles N. |
| 9 (RLIN) | 34990 |
| 245 10 - TITLE STATEMENT | |
| Title | Crafting a compiler with C / |
| Statement of responsibility, etc | Charles N. Fischer, Richard J. LeBlanc, Jr. ; C code by Arnold D. Robbins. |
| 260 ## - PUBLICATION, DISTRIBUTION, ETC. (IMPRINT) | |
| Place of publication, distribution, etc | Redwood, United States : |
| Name of publisher, distributor, etc | Benjamin / Cummings Pub. Co., |
| Date of publication, distribution, etc | c.1991. |
| 300 ## - PHYSICAL DESCRIPTION | |
| Extent | xix, 812 p. : |
| Other physical details | forms, tables ; |
| Dimensions | 24 cm. |
| 500 ## - GENERAL NOTE | |
| General note | Index : p. 806-812. |
| 500 ## - GENERAL NOTE | |
| General note | Includes appendix. |
| 504 ## - BIBLIOGRAPHY, ETC. NOTE | |
| Bibliography, etc | Bibliography : p. 799-805. |
| 650 #0 - SUBJECT ADDED ENTRY--TOPICAL TERM | |
| Topical term or geographic name as entry element | C (Computer program language) |
| 9 (RLIN) | 3405 |
| 650 #0 - SUBJECT ADDED ENTRY--TOPICAL TERM | |
| Topical term or geographic name as entry element | Compilers (Computer programs) |
| 9 (RLIN) | 13036 |
| 653 ## - INDEX TERM--UNCONTROLLED | |
| Resource For college | |
| Arrived date list | January2014 |
| 655 ## - INDEX TERM--GENRE/FORM | |
| Form subdivision | |
| -- | 34232 |
| 700 1# - ADDED ENTRY--PERSONAL NAME | |
| Personal name | LeBlanc, Richard J. |
| Fuller form of name | (Richard Joseph), |
| Dates associated with a name | 1950- |
| 9 (RLIN) | 34991 |
| 700 1# - ADDED ENTRY--PERSONAL NAME | |
| Personal name | Robbins, Arnold D. |
| 9 (RLIN) | 34992 |
| 942 ## - ADDED ENTRY ELEMENTS (KOHA) | |
| Source of classification or shelving scheme | Dewey Decimal Classification |
| Call number prefix | 005.453 FIS |
| Withdrawn status | Item status | Source of classification or shelving scheme | Damaged status | Not for loan | Vendor | Home library | Current library | Shelving location | Date acquired | Source of acquisition | Total Checkouts | Full call number | Barcode | Date last seen | Koha item type |
|---|---|---|---|---|---|---|---|---|---|---|---|---|---|---|---|
| Dewey Decimal Classification | Baccah | Central Library | Central Library | Lower Floor | 30/01/2014 | 005.453 FIS | 000035543 | 15/07/2025 | Book - Borrowing |